000 00635pam a2200229 a 4500
001 4697167
003 OSt
005 20180116183010.0
008 820820s1983 nyu 000 1 eng
010 _a 82016532
020 _a0394530365
040 _aDLC
_cDLC
_dDLC
050 0 0 _aPR6055.V218
_bE9 1983
082 0 0 _a823/.914 EVA 1984
_219
100 1 _aEvans, Peter,
_d1933 December 10-
245 1 4 _aThe Englishman's daughter /
_cPeter Evans.
250 _a1st ed.
260 _aNew York :
_bRandom House,
_cc1983.
300 _a238 p. ;
_c24 cm.
_bPB
906 _a7
_bcbc
_corignew
_d1
_eocip
_f19
_gy-gencatlg
942 _2ddc
_cBK
999 _c350247
_d350247